Statistics for Orthodox Countries

Click here to take the quiz!

General Stats

  • This quiz has been taken 88 times
  • The average score is 17 of 24

Answer Stats

Continent Answer % Correct
EuropeRussia
99%
EuropeGreece
96%
EuropeUkraine
95%
EuropeSerbia
94%
EuropeBulgaria
91%
EuropeBelarus
90%
EuropeRomania
90%
EuropeGeorgia
88%
EuropeLatvia
83%
EuropeMontenegro
83%
EuropeEstonia
82%
EuropeBosnia
80%
EuropeMacedonia
80%
EuropeMoldova
80%
EuropeAlbania
79%
EuropeLithuania
79%
EuropeCyprus
72%
EuropeKosovo
71%
AfricaEgypt
61%
AsiaSyria
55%
AsiaLebanon
55%
AsiaKyrgyzstan
30%
AsiaKakhastan
0%
AsiaUzbekisatan
0%

Score Distribution

Percentile by Number Answered

Percent of People with Each Score

Your Score History

You have not taken this quiz